000 00745nam a2200253 a 4500
005 20210219153521.0
008 991125n 000 0 u
035 _aUPN01000104609
100 _aAram, Dorothy M.
222 _aJOURNAL OF LEARNING DISABILITIES
245 _aThe validity of discrepancy criteria for identifying children with developmental language disorders
300 _a549-554
362 _a25, No. 9, 1992
505 _aMayo 1993
653 0 _aCRITERIOS
653 0 _aDESVENTAJAS EN EL LENGUAJE
653 0 _aINDICADORES EDUCATIVOS
653 0 _aMETODOS DE EVALUACION
653 0 _aPRUEBAS DE VALIDACION
700 _aMorris, Robin
700 _aHall, Nancy E.
904 _aAC
_b042420
905 _aArticulo
999 _c79000
_d79000